000 00721nam a2200193 a 4500
001 BRCA_1443
005 20190320203429.0
008 970312s1989 mx-a---###---#000-0#spa-d
041 _aspa
044 _amx
050 4 _aN8070
_b.M37 1989
245 1 0 _aMaravilla americana
_bvariantes de la iconografía guadalupana : siglos XVII-XIX.
260 _aMéxico
_bPatrimonio Cultural del Occidente
_c1989
300 _a139 p.
_bil.
_c31 cm.
500 _aCatálogo de la exposición realizada en el Instituto Cultural Cabañas (Guadalajara, Jalisco), abril - junio, 1989
500 _aIncluye piezas de la colección Franz Mayer: p. 40, 48 y 61
650 1 4 _aGuadalupe, Virgen de
_vExposiciones
_xArte
_94728
942 _2lcc
_cB
999 _c1305
_d1305